| 000 | 01376nam a2200409 i 4500 | ||
|---|---|---|---|
| 001 | 42205 | ||
| 003 | KOSZ 005 | ||
| 005 | 20230802104458.0 | ||
| 008 | 970510s1993 pl a f f |000 0 pol | ||
| 015 | _aPB 1993/8447 | ||
| 035 | _a(OCoLC)751155310 | ||
| 040 |
_aWA N _cWA N _dKOSZ 005/HR |
||
| 046 | _k1993 | ||
| 080 | _a621.372:535.8 | ||
| 080 | _a(075.8) | ||
| 100 | 1 |
_aMajewski, Adam _d(1941-2002) _eAutor |
|
| 245 | 1 | 0 |
_aNieliniowa optyka światłowodowa : _bzagadnienia wybrane / _cAdam Majewski. |
| 260 |
_aWarszawa : _bWydawnictwa Politechniki Warszawskiej, _c1993. |
||
| 300 |
_a170 s. : _brys., wykr. ; _c24 cm. |
||
| 336 |
_2rdacontent _aTekst _btxt |
||
| 337 |
_2rdamedia _aBez urządzenia pośredniczącego _bn |
||
| 338 |
_2rdacarrier _aWolumin _bnc |
||
| 380 | _aKsiążki | ||
| 380 | _aPublikacje dydaktyczne | ||
| 385 |
_mPoziom nauczania _aSzkoły wyższe |
||
| 388 | _a1901-2000 | ||
| 388 | _a1989-2000 | ||
| 504 | _aBibliogr. s. 160-170. | ||
| 650 | 4 | _aOptyka nieliniowa. | |
| 658 | _aInżynieria i technika | ||
| 658 | _aFizyka i astronomia | ||
| 655 | 4 | _aPodręczniki akademickie | |
| 650 | 4 | _aŚwiatłowody | |
| 710 | 2 |
_aOficyna Wydawnicza Politechniki Warszawskiej _4pbl. |
|
| 856 |
_uhttp://koha.tu.koszalin.pl/cgi-bin/koha/opac-detail.pl?biblionumber=42205 _yKatalog online BPK |
||
| 942 |
_2UKD _cKS |
||
| 999 |
_c42205 _d42205 |
||